Estadísticas para adivina la bandera (dificil)

Haz click aquí para intentar la prueba.

Estadísticas generales

  • Esta prueba ha sido intentada 895 veces
  • La puntuación promedio es 10 de 16

Estadísticas de respuestas

Respuesta% Correcto
georgia
90%
chipre
89%
vaticano
88%
malta
83%
sri lanka
75%
kiribati
72%
cabo verde
66%
bahamas
62%
Papua nueva guinea
60%
mauricio
57%
Maldivas
55%
islas marshall
54%
guinea ecuatorial
53%
fiyi
52%
gambia
49%
hawaii
20%

Distribución de puntuación

Porcentaje por número respondido

Porcentaje de gente con cada puntuación

Historial de tus puntuaciones

No has intentado esta prueba.